| 000 | 00448nam a2200169Ia 4500 | ||
|---|---|---|---|
| 008 | 190509s9999 xx 000 0 und d | ||
| 100 | _aBlum, Alexqander | ||
| 245 | _aBig on breakfast/ | ||
| 245 | _cAlexander Blum | ||
| 260 | _bSussex Publisher | ||
| 260 | _c2018 | ||
| 300 | _aPages 37-38, July/August 2018 | ||
| 440 |
_aPsychology Today: Turning Points _v1/2/1900 3:04:00 AM |
||
| 650 | _abreakfast | ||
| 650 | _afood | ||
| 650 | _ahealth | ||
| 999 |
_c361816 _d361816 |
||